Sports Quiz

Random Sports or Football Quiz

Super Bowl Consecutive QBs Quiz Stats

 Plays Quiz Updated Feb 4, 2018

Challenge
Share
Tweet
Embed
Score 0/13 Timer 03:00
4 Plays Today
Quarterback % Correct
Tom Brady (2003, 2004, 2017, 2018, 2019)
98%
Joe Montana (1988, 1989)
85.3%
Russell Wilson (2013, 2014)
82%
Terry Bradshaw (1974, 1975, 1978, 1979)
79.7%
John Elway (1986, 1987, 1997, 1998)
79.3%
Troy Aikman (1992, 1993)
79.3%
Jim Kelly (1990, 1991, 1992, 1993)
77.4%
Bart Starr (1966, 1967)
75.9%
Brett Favre (1996, 1997)
70.7%
Roger Staubach (1977, 1978)
62.9%
Fran Tarkenton (1973, 1974)
49.4%
Bob Griese (1971, 1972, 1973)
47.4%
Joe Theismann (1982, 1983)
34%

You're not logged in!

Compare scores with friends on all Sporcle quizzes.
OR
Log In

You Might Also Like...

Show Comments

Extras

Top Quizzes Today


Score Distribution

Your Account Isn't Verified!

In order to create a playlist on Sporcle, you need to verify the email address you used during registration. Go to your Sporcle Settings to finish the process.

Report this User

Report this user for behavior that violates our Community Guidelines.

Details: